000 00231nam a22001217a 4500
040 _cSY
082 _a635
100 _aLY DALIN
245 _aPost harvest of cut flowers
260 _aRUA
_bLY DALIN
300 _a43p.
942 _cEK
999 _c8806
_d8806